Central Library OPAC University of Rajshahi
Normal view MARC view

Entry Corporate Name

Number of records used in: 2

001 - CONTROL NUMBER

  • control field: 6229

003 - CONTROL NUMBER IDENTIFIER

  • control field: BD-RjUL

005 - DATE AND TIME OF LATEST TRANSACTION

  • control field: 20221208112155.0

008 - FIXED-LENGTH DATA ELEMENTS

  • fixed length control field: 221208|| aca||aabn | a|a d

040 ## - CATALOGING SOURCE

  • Original cataloging agency: BD-RjUL
  • Transcribing agency: BD-RjUL

110 ## - HEADING--CORPORATE NAME

  • Corporate name or jurisdiction name as entry element: Mansuri Collection (Library of Congress)

670 ## - SOURCE DATA FOUND

  • Source citation: Work cat.: (BD-RjUL)80932: أنطاكي، داؤد بن عمر. Anṭākī, Dāʼūd ibn ʻUmar, -1599. 6227, تذكرة أولى الألباب والجامع للعجب العجاب Tadhkirat ūlī al-albāb wa-al-jāmiʻ lil-ʻajab al-ʻujāb./